Учетная политика 2009 года

Bibliographic Details
Main Author: Хабарова Л. П.
Summary:«Учетная политика 2009 года» — новая книга Л.П. Хабаровой, профессора, главного редактора журнала «Бухгалтерский бюллетень», известного консультанта по вопросам налогообложения и бухгалтерского учета. Каждый год перед бухгалтерами и работниками финансовых служб ставятся новые профессиональные задачи. Изменение законодательства и развитие бизнеса требуют изменений и в учетном процессе. Автор подготовил эту книгу на основании новых принципов формирования учетной политики, утвержденных новым ПБУ 1/2008 «Учетная политика организаций». Рассмотрен принципиально новый подход оценочных значений в свете ПБУ 21/2008. В книге «Учетная политика 2009 года» учтены изменения по налогу на прибыль, утвержденные Законом РФ от 22.07.08 г. № 158-ФЗ.
Language:Russian
Published: Москва, Бухгалтерский бюллетень ББ, 2009
Series:Библиотека журнала "Бухгалтерский бюллетень"
Subjects:
Format: Book
KOHA link:https://koha.lib.tpu.ru/cgi-bin/koha/opac-detail.pl?biblionumber=159763

MARC

LEADER 00000nam0a2200000 4500
001 159763
005 20231101222133.0
010 |a 5902292107 
035 |a (RuTPU)RU\TPU\book\173277 
090 |a 159763 
100 |a 20090514d2009 km y0rusy50 ca 
101 0 |a rus 
102 |a RU 
105 |a y z 000zy 
200 1 |a Учетная политика 2009 года  |f Л. П. Хабарова 
210 |a Москва  |c Бухгалтерский бюллетень ББ  |d 2009 
215 |a 354 с. 
225 1 |a Библиотека журнала "Бухгалтерский бюллетень" 
330 |a «Учетная политика 2009 года» — новая книга Л.П. Хабаровой, профессора, главного редактора журнала «Бухгалтерский бюллетень», известного консультанта по вопросам налогообложения и бухгалтерского учета. Каждый год перед бухгалтерами и работниками финансовых служб ставятся новые профессиональные задачи. Изменение законодательства и развитие бизнеса требуют изменений и в учетном процессе. Автор подготовил эту книгу на основании новых принципов формирования учетной политики, утвержденных новым ПБУ 1/2008 «Учетная политика организаций». Рассмотрен принципиально новый подход оценочных значений в свете ПБУ 21/2008. В книге «Учетная политика 2009 года» учтены изменения по налогу на прибыль, утвержденные Законом РФ от 22.07.08 г. № 158-ФЗ. 
606 1 |a Бухгалтерский учет  |2 stltpush  |3 (RuTPU)RU\TPU\subj\30744  |9 53805 
610 1 |a учетная политика 
610 1 |a изменения 
610 1 |a требования 
610 1 |a правила 
610 1 |a документооборот 
610 1 |a инвентаризация 
610 1 |a первичный учет 
610 1 |a бухгалтерские формы 
610 1 |a методология 
610 1 |a основные средства 
610 1 |a нематериальные активы 
610 1 |a готовая продукция 
610 1 |a товары 
610 1 |a доходы 
610 1 |a расходы 
610 1 |a резервы 
610 1 |a ценные бумаги 
610 1 |a налог на прибыль 
610 1 |a имущество 
610 1 |a аморфизация 
610 1 |a материально-производственные запасы 
610 1 |a долговые обязательства 
610 1 |a налог на добавленную стоимость 
675 |a 657.22  |v 3 
700 1 |a Хабарова  |b Л. П. 
801 1 |a RU  |b 63413507  |c 20090514  |g PSBO 
801 2 |a RU  |b 63413507  |c 20120824  |g RCR 
942 |c BK 
959 |a 58/20090508  |d 1  |e 207,90  |f ЧЗГЛ:1